000 01719nam a2200481 i 4500
001 51961
003 KOSZ 005
005 20200731125553.0
008 041228s2004 pl a f |000 0 pol
015 _aUWD 2005/157
020 _a8371415966
035 _a991025658459705066
035 _a(PL-WaBN)b16989144-48omnis_nlop
035 _ab16989144
035 _a(OCoLC)749261915
035 _a(PL)b0000001698914
035 _a(EXLNZ-48OMNIS_NETWORK)9910432789005606
040 _aWA N
_cWA N
_dKOSZ 005/HR
041 0 _apol
046 _k2004
080 _a613.2
080 _a(075.3.053.7)
100 1 _aSuperczyńska, Ewa
_eAutor
245 1 0 _aZasady żywienia :
_bpodręcznik dla zawodu kucharz małej gastronomii w zasadniczej szkole zawodowej /
_cEwa Superczyńska, Melania Żylińska-Kaczmarek.
260 _aWarszawa :
_b"Rea",
_ccop. 2004.
300 _a168 s. :
_brys. kolor., wykr. ;
_c25 cm.
336 _aTekst
_btxt
_2rdacontent
337 _aBez urządzenia pośredniczącego
_bn
_2rdamedia
338 _aWolumin
_bnc
_2rdacarrier
380 _aKsiążki
380 _aPublikacje dydaktyczne
385 _mPoziom nauczania
_aSzkoły zawodowe
388 _a2001-
504 _aBibliogr. s. 168.
521 8 _aDo nauczania zawodu kucharz małej gastronomii na poziomie zasadniczej szkoły zawodowej.
650 7 _aZdrowe odżywianie
_2DBN
655 7 _aPodręczniki dla szkół zawodowych
_2DBN
700 1 _aŻylińska-Kaczmarek, Melania
_eAutor
710 2 _aWydawnictwo Rea
_4pbl
856 _uhttp://koha.tu.koszalin.pl/cgi-bin/koha/opac-detail.pl?biblionumber=51961
_yKatalog online BPK
942 _2UKD
_cKS
999 _c51961
_d51961